<?xml version="1.0" encoding="UTF-8"?>
<record
    xmlns:xsi="http://www.w3.org/2001/XMLSchema-instance"
    xsi:schemaLocation="http://www.loc.gov/MARC21/slim http://www.loc.gov/standards/marcxml/schema/MARC21slim.xsd"
    xmlns="http://www.loc.gov/MARC21/slim">

  <leader>03095nam a2200337 a 4500</leader>
  <controlfield tag="003">OSt</controlfield>
  <controlfield tag="005">20250811120339.0</controlfield>
  <controlfield tag="007">cr ||||||a|a|a</controlfield>
  <controlfield tag="008">250701s2025    mx a|||fom||| 001 0 spa d</controlfield>
  <datafield tag="040" ind1=" " ind2=" ">
    <subfield code="e">rda</subfield>
  </datafield>
  <datafield tag="100" ind1="1" ind2=" ">
    <subfield code="a">P&#xE9;rez Mart&#xED;nez, Slim Yudi</subfield>
    <subfield code="9">190533</subfield>
  </datafield>
  <datafield tag="245" ind1="1" ind2="0">
    <subfield code="a">Insecticidas organosint&#xE9;ticos biol&#xF3;gicos y biorracionales para el control de fungus Gnat en Laelia anceps L. en la UMA orquideario Chapingo/</subfield>
    <subfield code="c">por Slim Yudi P&#xE9;rez Mart&#xED;nez; director de tesis Candelario Santill&#xE1;n Ortega; secretario Francisco Suazo L&#xF3;pez; vocal Jaime Alfredo Urzua Gutierez; suplente Calixto Leopoldo Carrillo Fonseca; suplente Santos Gerardo Leyva Mir.</subfield>
  </datafield>
  <datafield tag="264" ind1=" " ind2="1">
    <subfield code="a">Chapingo, M&#xE9;xico :</subfield>
    <subfield code="b">El autor,</subfield>
    <subfield code="c">2024.</subfield>
  </datafield>
  <datafield tag="300" ind1=" " ind2=" ">
    <subfield code="a">1 recurso en l&#xED;nea (59 p&#xE1;ginas):</subfield>
    <subfield code="b">cuadros, figuras.</subfield>
  </datafield>
  <datafield tag="336" ind1=" " ind2=" ">
    <subfield code="2">rdacontent</subfield>
    <subfield code="a">texto</subfield>
    <subfield code="b">txt</subfield>
  </datafield>
  <datafield tag="337" ind1=" " ind2=" ">
    <subfield code="2">rdamedia</subfield>
    <subfield code="a">computadora</subfield>
    <subfield code="b">c</subfield>
  </datafield>
  <datafield tag="338" ind1=" " ind2=" ">
    <subfield code="2">rdacarrier</subfield>
    <subfield code="a">recurso en l&#xED;nea</subfield>
    <subfield code="b">cr</subfield>
  </datafield>
  <datafield tag="502" ind1=" " ind2=" ">
    <subfield code="b">IAEPA</subfield>
    <subfield code="c">Parasitolog&#xED;a</subfield>
    <subfield code="d">2024.</subfield>
    <subfield code="g">LIC</subfield>
  </datafield>
  <datafield tag="504" ind1=" " ind2=" ">
    <subfield code="a">Incluye referencias bibliogr&#xE1;ficas: p&#xE1;ginas 44-59 .</subfield>
  </datafield>
  <datafield tag="520" ind1=" " ind2=" ">
    <subfield code="a">La presencia de la larva de fungus gnat se ha vuelto uno de los principales problemas en invernaderos y viveros dedicados a la producci&#xF3;n de ornamentales, as&#xED; como &#xE1;rboles forestales, ocasionando p&#xE9;rdidas superiores al 30 %. El objetivo del presente estudio fue evaluar productos qu&#xED;micos y biol&#xF3;gicos para el control de fungus gnat la cual es larva de Bradysia impatiens (Johannsen, 1912) que ocasiona problemas en orqu&#xED;deas como lo es Laelia anceps (Lindley, 1835) causando da&#xF1;o a las ra&#xED;ces, reduciendo la absorci&#xF3;n de agua y nutrientes e introduciendo hongos fitopat&#xF3;genos en dicha orqu&#xED;dea en la UMA orquideario Chapingo. El ciclo de vida de Bradysia impatiens (Johansen, 1912) es de 30 d&#xED;as en este tiempo se realiz&#xF3; el experimento bajo condiciones de temperatura de 15 &#xB0;C a 28 &#xB0;C se utilizaron los productos qu&#xED;micos: imidacloprid y cipermetrina y los bioplaguicidas: Bacillus thuringiensis var. israelensis (BTI), spinetoram y extracto de neem, realizando tres aplicaciones de cada producto con intervalo de siete d&#xED;as de aplicaci&#xF3;n, en el cual se evalu&#xF3; la presencia de larvas vivas con ayuda de un atrayente, el cual fue rodajas de papa (Solanum tuberosum). Se determin&#xF3; el mejor tratamiento para el combate de la larva con base en la presencia final de larvas para tener un m&#xE9;todo de control efectivo y rentable, obteniendo el tratamiento 1 (imidacloprid) y el 3 (extracto de neem) como los m&#xE1;s efectivos.</subfield>
  </datafield>
  <datafield tag="650" ind1=" " ind2="4">
    <subfield code="a">Bradysia impatiens</subfield>
    <subfield code="x">Control</subfield>
    <subfield code="9">190888</subfield>
  </datafield>
  <datafield tag="650" ind1=" " ind2="4">
    <subfield code="a">Orqu&#xED;deas</subfield>
    <subfield code="x">Plagas</subfield>
    <subfield code="x">Control</subfield>
    <subfield code="9">190889</subfield>
  </datafield>
  <datafield tag="650" ind1=" " ind2="4">
    <subfield code="a">Insecticidas</subfield>
    <subfield code="x">An&#xE1;lisis</subfield>
    <subfield code="9">58856</subfield>
  </datafield>
  <datafield tag="700" ind1="1" ind2=" ">
    <subfield code="a">Santill&#xE1;n Ortega, Candelario</subfield>
    <subfield code="9">102429</subfield>
  </datafield>
  <datafield tag="700" ind1="1" ind2=" ">
    <subfield code="a">Suazo L&#xF3;pez, Francisco</subfield>
    <subfield code="9">110131</subfield>
    <subfield code="e">secretario.</subfield>
  </datafield>
  <datafield tag="700" ind1="1" ind2=" ">
    <subfield code="a">Urz&#xFA;a Guti&#xE9;rrez, Jaime Alfredo</subfield>
    <subfield code="9">117018</subfield>
    <subfield code="e">vocal.</subfield>
  </datafield>
  <datafield tag="700" ind1="1" ind2=" ">
    <subfield code="a">Carrillo Fonseca, Calixto Leopoldo</subfield>
    <subfield code="9">19482</subfield>
    <subfield code="e">suplente.</subfield>
  </datafield>
  <datafield tag="700" ind1="1" ind2=" ">
    <subfield code="a">Leyva Mir, Santos Gerardo</subfield>
    <subfield code="e">suplente.</subfield>
    <subfield code="9">66581</subfield>
  </datafield>
  <datafield tag="856" ind1=" " ind2=" ">
    <subfield code="u">http://10.13.5.2/tesis/tl/1811980-9_PEREZ_MARTINEZ_SLIMYUDI.pdf</subfield>
    <subfield code="z">DESCARGAR PDF</subfield>
  </datafield>
  <datafield tag="942" ind1=" " ind2=" ">
    <subfield code="2">Clasificaci&#xF3;n Universidad Aut&#xF3;noma Chapingo</subfield>
    <subfield code="c">TD</subfield>
  </datafield>
  <datafield tag="999" ind1=" " ind2=" ">
    <subfield code="c">220718</subfield>
    <subfield code="d">220718</subfield>
  </datafield>
  <datafield tag="952" ind1=" " ind2=" ">
    <subfield code="0">0</subfield>
    <subfield code="1">0</subfield>
    <subfield code="2">local</subfield>
    <subfield code="4">0</subfield>
    <subfield code="5">1</subfield>
    <subfield code="7">0</subfield>
    <subfield code="8">TesDigL</subfield>
    <subfield code="a">BD</subfield>
    <subfield code="b">BD</subfield>
    <subfield code="c">E_L</subfield>
    <subfield code="d">2025-07-01</subfield>
    <subfield code="l">0</subfield>
    <subfield code="o">Tesis digital</subfield>
    <subfield code="r">2025-07-01 14:26:51</subfield>
    <subfield code="w">2025-07-01</subfield>
    <subfield code="y">TD</subfield>
  </datafield>
</record>
